NCAA Division II Football Teams - Statistics

General Stats
  • This quiz has been taken 62 times
  • The average score is 56 of 162
Answer Stats
Central Intercollegiate Athletic Association (CIAA) % Correct
Colorado School of Mines
58%
Michigan Tech
58%
Northern Michigan
58%
Wayne State
58%
Ferris State
56%
Virginia State
56%
West Florida
56%
Central Missouri
53%
Northwest Missouri State
53%
Texas A&M - Kingsville
53%
West Virginia State
53%
Arkansas Tech
50%
Colorado State - Pueblo
50%
Eastern New Mexico
50%
Grand Valley State
50%
Kentucky State
50%
Missouri S&T
50%
Pittsburg State
50%
Western New Mexico
50%
West Georgia
50%
West Texas A&M
50%
Arkansas - Monticello
47%
Central Oklahoma
47%
Kutztown
47%
Lincoln (MO)
47%
Lincoln (PA)
47%
Slippery Rock
47%
West Alabama
47%
West Virginia Wesleyan
47%
Nebraska - Kearney
44%
Texas - Permian Basin
44%
Virginia Union
44%
West Chester
44%
Western Oregon
44%
Bloomsburg
42%
Central Washington
42%
Charleston (WV)
42%
Concord
42%
Delta State
42%
East Central
42%
Lock Haven
42%
Millersville
42%
Minnesota - Duluth
42%
Saginaw Valley State
42%
Southern Connecticut State
42%
Upper Iowa
42%
Valdosta State
42%
Colorado Mesa
39%
East Stroudsburg
39%
Kentucky Wesleyan
39%
Mississippi College
39%
Northwestern Oklahoma State
39%
Ohio Dominican
39%
Savannah State
39%
Southern Arkansas
39%
Truman State
39%
UNC - Pembroke
39%
Western Colorado
39%
Central State
36%
Chadron State
36%
Emporia State
36%
Fairmont State
36%
Fort Hays State
36%
Indianapolis
36%
Minnesota State - Moorhead
36%
New Haven
36%
New Mexico Highlands
36%
Notre Dame College
36%
Pace
36%
Pennsylvania Western - Clarion
36%
Pennsylvania Western - Edinboro
36%
Shippensburg
36%
South Dakota School of Mines and Technology
36%
Southeastern Oklahoma State
36%
Southwestern Oklahoma State
36%
Thomas More
36%
Tiffin
36%
Winston-Salem State
36%
Bentley
33%
Bluefield State
33%
Bowie State
33%
Frostburg State
33%
Harding
33%
Indiana University of Pennsylvania
33%
Mercyhurst
33%
Missouri Southern State
33%
Northern State
33%
Post
33%
Seton Hill
33%
Shorter
33%
Southwest Minnesota State
33%
UVA College - Wise
33%
Adams State
31%
Ashland
31%
Bemidji State
31%
Chowan
31%
Clark Atlanta
31%
Elizabeth City State
31%
Fayetteville State
31%
Fort Lewis
31%
Johnson C. Smith
31%
Lake Erie
31%
Mars Hill
31%
Missouri Western State
31%
Northwood
31%
Shepherd
31%
Tuskegee
31%
Wheeling
31%
Albany State
28%
American International
28%
Angelo State
28%
Assumption
28%
Augustana
28%
Black Hills State
28%
Concordia - St. Paul
28%
Findlay
28%
Midwestern State
28%
Oklahoma Baptist
28%
Pennsylvania Western - California
28%
Tusculum
28%
Emory and Henry
25%
Franklin Pierce
25%
Gannon University
25%
Hillsdale
25%
Minot State
25%
Morehouse
25%
Newberry
25%
Ouachita Baptist
25%
Sioux Falls
25%
Southern Nazarene
25%
Southwest Baptist
25%
University of Mary
25%
Walsh
25%
Alderson Broaddus
22%
Allen
22%
Barton
22%
Glenville State
22%
Lane
22%
Lenoir-Rhyne
22%
McKendree
22%
Miles
22%
Shaw
22%
St. Anselm
22%
Washburn
22%
West Liberty
22%
William Jewell
22%
Wingate
22%
Winona State
22%
Livingstone
19%
Quincy
19%
Edward Waters
17%
North Greenville
17%
St. Augustine's
17%
Carson-Newman
14%
Catawba
14%
Davenport
14%
Erskine
14%
Fort Valley State
14%
Henderson State
14%
Limestone
14%
Wayne State College
14%
Benedict
11%
No matching quizzes found
Score Distribution
Percent of People with Each Score
Percentile by Number Answered
Your Score History
You have not taken this quiz